000 00962nam a2200289Ia 4500
003 OSt
005 20221005062222.0
006 a|||||r|||| 00| 0
007 ta
008 221004b |||||||| |||| 00| 0 eng d
020 _a9781138094316 (pbk)
_cUKP 42.99
024 _a68422
037 _b066, 04/03/2021, Classic Book Service
_cTextual
040 _aCRL
_cCRL
_beng
041 _2eng
_aeng
082 _aZ, Q4
100 _aDavis Fergal Ed.
_9601571
245 0 _aSurveillance, counter terrorism and comparative constitutionalism
260 _aLondon
_bRoutledge UK
_c2014
300 _axiv,340p.
_ccm.
490 _aRoutledge research in terrorism and the law
650 _aLAW
700 _a McGarrity Nicola Ed.
_9459215
700 _a Williams George Ed.
_9443674
942 _hZ, Q4
_cTEXL
_2cc
999 _c969373
_d969373